Problemas resueltos de Econometría
Furkejuvvon:
| Váldodahkki: | |
|---|---|
| Materiálatiipa: | Girji |
| Giella: | espánnjágiella |
| Almmustuhtton: |
Madrid
Thomson
2006
|
| Preanttus: | 1a. ed |
| Ráidu: | Paso a Paso
|
| Fáttát: | |
| Fáddágilkorat: |
Lasit fáddágilkoriid
Eai fáddágilkorat, Lasit vuosttaš fáddágilkora!
|
MARC
| LEADER | 00000cam a2200000 a 4500 | ||
|---|---|---|---|
| 001 | UCC8609 | ||
| 003 | CL-VaPUC | ||
| 005 | 20210319001510.0 | ||
| 008 | 190725e20060000sp |||||||||||||||||spa|d | ||
| 020 | |a 8497323769 | ||
| 040 | |c Pontificia Universidad Católica de Valparaíso | ||
| 082 | 0 | 4 | |a 330.015 |b PER |2 21 |
| 100 | 0 | |a Pérez López, César |e author |9 603309 | |
| 245 | 1 | 0 | |a Problemas resueltos de Econometría |
| 250 | |a 1a. ed | ||
| 260 | |a Madrid |b Thomson |c 2006 | ||
| 300 | |a 360 p | ||
| 490 | 0 | |a Paso a Paso | |
| 583 | |a last modification |c 20190725 22:41:00 |k Rodrigo Vera | ||
| 650 | 0 | |a Econometría |9 261029 | |
| 650 | 7 | |a ESTADISTICA ECONOMICA |2 CL-VaPUC |9 527363 | |
| 650 | 0 | |a Marketing |9 259324 | |
| 942 | |c BK | ||
| 945 | |d 20190725 22:41:00 |a dcastane | ||
| 999 | |c 374883 |d 374881 | ||
| 952 | |0 0 |1 0 |3 erb |4 0 |6 330_015000000000000_PER_2006 |7 0 |8 A |9 493641 |a BIBING |b BIBING |i 5556244 |o 330.015 PER 2006 |p 5556244 |r 2025-01-20 |w 2019-11-24 |y BK |z Catalogado en:20190725 |k TRA | ||